Just Random Questions #3 - Statistics

General Stats
  • This quiz has been taken 33 times
    14 since last reset
  • The average score is 8 of 15
Answer Stats
Hint Answer % Correct
What Do You Put In A Toaster Bread
89%
What Is The Capital Of The UK London
89%
Who Is The President Of The USA Barack Obama
78%
What Do Cows Drink Water
78%
Named The UnEscapable Prison Alcatraz
67%
Who Sings All Of Me [Top 40] John Legend
67%
Who Hosted The 2014 World Cup Brazil
56%
Have A Break Have A What Kit Kat
56%
Capital Of Brazil Brasilia
44%
What Film Series Has 7 Films starring Vin Diesel and Paul Walker Fast And Furious
44%
Who Is The Prime Minister Of The UK David Cameron
33%
The Best Footballer Ever[Brazil] Pele
33%
Who Won the 1966 world cup England
22%
Video Game With Michael,Franklin and Trevor As Its Main Characters GTA 5
11%
The Most Subscribed youtuber with nearly 40 million subscribers Pewdiepie
11%
No matching quizzes found
Score Distribution
Percent of People with Each Score
Percentile by Number Answered
Your Score History
You have not taken this quiz since the last reset